| 000 | 00665nas a2200265 i 4500 | ||
|---|---|---|---|
| 001 | 2796 | ||
| 003 | ES-MaACL | ||
| 005 | 20250802062548.0 | ||
| 007 | t| | ||
| 008 | 001211c1988 sp z| | 0 ||pa d | ||
| 022 | _a1131-8147 | ||
| 080 | _a(460) | ||
| 080 | _a821.134.2 | ||
| 245 | 0 | 0 | _aAgua. |
| 260 |
_aCartagena : _bGrupo Agua, _c1988- |
||
| 300 |
_av. ; _c49 cm. |
||
| 310 | _aPeriodicidad irregular | ||
| 362 | 0 | _aNº 1 (jul. 1988)- | |
| 650 | 1 | 7 |
_aLiteratura española _2embne _914539 |
| 655 | 7 |
_2tgfbne _9226866 _aRevistas |
|
| 852 |
_aES-MaACL _jHem-1954 |
||
| 866 | 0 | _o1991-1992(1993 f.n18)1994-2000. | |
| 942 | _2udc | ||
| 999 |
_c2796 _d2796 |
||